Využitie adsorpcie na terciárne dočisťovanie odpadovej vody

Saved in:
Bibliographic Details
Main Author: Miklušová, Terézia (Author)
Other Authors: Zakhar, Ronald (Thesis advisor)
Format: Manuscript Book
Language:Slovak
Published: 2024
Subjects:
Online Access:http://is.stuba.sk/zp/portal_zp.pl?podrobnosti=172544
Tags: Add Tag
No Tags, Be the first to tag this record!

MARC

LEADER 00000ntm a22000003a 4500
001 stuzp99156
003 SK-STU
005 20240622210725.4
007 ta
008 150427s2015----xo-----f-mn---000-0-slo-d
040 |a STU  |b slo 
041 0 |a slo 
100 1 |a Miklušová, Terézia  |u 046290  |4 aut  |U FCHPT Ústav chemického a environmentálneho inžinierstva  |T FCHPT Oddelenie environmentálneho inžinierstva  |X 117645  |U C6290  |Y 120  |7 117645 
242 0 1 |a Use of Adsorption for Tertiary Post-treatment of Wastewater  |y eng 
245 1 0 |a Využitie adsorpcie na terciárne dočisťovanie odpadovej vody 
260 |c 2024 
650 4 |a adsorpcia  |2 slo 
650 4 |a terciárne dočisťovanie  |2 slo 
650 4 |a kinetika  |2 slo 
650 4 |a aktívne uhlie  |2 slo 
650 4 |a adsorption  |2 eng 
650 4 |a active carbon  |2 eng 
650 4 |a kinetics  |2 eng 
650 4 |a terciary wastewater treatment  |2 eng 
700 1 |a Zakhar, Ronald  |u 046290  |k Z1  |4 ths  |U FCHPT Ústav chemického a environmentálneho inžinierstva  |T FCHPT Oddelenie environmentálneho inžinierstva  |X 69351  |U C6290  |Y 120  |7 A0000069351 
856 4 |u http://is.stuba.sk/zp/portal_zp.pl?podrobnosti=172544